|
|
|
|
| LEADER |
00000nam a2200000 i 4500 |
| 005 |
20111007144317.0 |
| 008 |
100311s2010 sp 000 0 spa d |
| 020 |
|
|
|a 9788498498226
|
| 035 |
|
|
|a 5734
|
| 040 |
|
|
|a UJAEN
|d BUS
|d vLex
|
| 090 |
|
|
|c 2635
|d 2635
|
| 245 |
0 |
3 |
|a La falta de capacidad. Las instituciones tutelares
|h [Recurso electrn̤cio] /
|c coordinadora Mara̕ Pilar Ferrer Vanrell ; Beatriz Verdera Izquierdo.
|n cuaderno II
|
| 256 |
|
|
|a Servicio en ln̕ea.
|
| 260 |
|
|
|a Madrid :
|b Dykinson,
|c 2010.
|
| 300 |
|
|
|a 1 recurso electrn̤ico
|
| 506 |
1 |
|
|a Contenido solo disponible en los productos indicados
|d vLex Global
|d vLex Global (Academic Edition, excluding Law Schools)
|d vLex Global (U.S. Academic Edition, Law Schools)
|d vLex Global (U.S. Academic Edition, excluding Law Schools)
|d vLex Global (Academic Edition, Law Schools)
|
| 650 |
0 |
4 |
|a Personas (Derecho)
|z Espaą
|
| 700 |
1 |
|
|a Verdera Izquierdo, Beatriz,
|e coaut.
|
| 700 |
1 |
|
|a Ferrer Vanrell, Mara̕ Pilar,
|e coord.
|
| 740 |
0 |
|
|a vLex Libros (Servicio en ln̕ea)
|
| 830 |
0 |
|
|a Cuadernos prc̀ticos Bolonia.
|p Persona
|v 2
|
| 856 |
4 |
0 |
|u http://vlex.com/source/cuadernos-practicos-bolonia-persona-falta-capacidad-instituciones-tutelares-5734
|z Acceso restringido
|
| 942 |
|
|
|c BOOK
|